000 01356nam2a2200277 4500
001 rc\2895349
005 20260315053404.0
035 _a(NLR Aleph) 007047322
090 _a13589774
_c13589774
100 _a20260315 rusy50
101 0 _arus
102 _aRU
105 _aa z |||||
200 1 _aСовременность
_fБ.П. Зорин, И.В. Кузнецов, Д.А. Цырлин, И.Г. Шубин
210 _d1927-1929
215 _a285, [3] с.
_cил.
461 0 _1001rc\2895347
_12001#$aРабочая книга по обществознанию$eГод 1-$fСоставлена под общ. руководством Подсекции подростков Науч.-полит. секции Гос. учен. сов.$vВторой год
_96156224
_cМосква
_d1927-1929
_fСоставлена под общ. руководством Подсекции подростков Науч.-полит. секции Гос. учен. сов.
_nГос. изд-во
_oГод 1-
_tРабочая книга по обществознанию
_vВторой год
700 1 _aЗорин
_bБ.П.
701 1 _aКузнецов
_bИ.В.
701 1 _aЦырлин
_bД.А.
701 1 _aШубин
_bИ.Г.
801 0 _aRU
_bNLR
_gpsbo
801 1 _aRU
_bELAR
_2rusmarc
852 _aNLR
_j37.66.3.104
942 _cUNSPEC
980 _aNB